000 00344nam a22001337a 4500
008 180201b xxu||||| |||| 00| 0 eng d
020 _a9780789546388
041 _aeng
080 _a004
100 _a30
101 _ashk
245 _ateachers discovering computer integrated technology in the classroom
_cshelly.c
942 _2udc
_cBK
999 _c41442
_d41442